Prof.MUDr. Anton Bózner, Dr.Sc., 50-ročný

Bibliographic Details
Main Author: Belák, Milan, 1927-2002 (Author)
Format: Article
Language:Slovak
Subjects:

MARC

LEADER 00000nab a2200000 a 4500
001 vtls000283495
003 SK-MaSNL
005 20260304063940.0
008 250422c1987 xo 0 slo
015 |a SNBRB19rr/mm-uuuuu 
035 |a CL0293613 
035 |a urn:nbn:sk:snk-ab75k 
035 |a (urnnbn)urn:nbn:sk:snk:ar-a03eed 
035 |a (uuid)b7c56d36-9bf0-4f97-9f26-797451e69adb 
040 |a SNKBUCL  |b slo  |c SNKBUCL  |e AACR2 
041 0 |a slo 
044 |a xo  |c SK 
080 |a 615-051  |2 1981 
080 |a 929 Bózner, Anton  |2 1981 
100 1 |a Belák, Milan,  |d 1927-2002  |4 aut  |9 167403 
245 1 0 |a Prof.MUDr. Anton Bózner, Dr.Sc., 50-ročný  |c Milan Belák 
600 1 7 |a Bózner, Anton,  |d 1937-1995  |2 snkbucl  |9 201392 
655 7 |a články z novín a časopisov  |2 snkbucl  |9 267496 
773 0 |t Bratislavské lekárske listy  |g Roč. 87, č. 3 (1987), s. 380-381 
850 |a Slovenská národná knižnica 
852 |a Slovenská národná knižnica 
954 |a odborná, vedecká literatúra pôvodná (slovenská)  |2 lita 
958 |a article27 
958 |a BX 
958 |a RK 
958 |a MI 
958 |a OND 
958 |a EUIPO 
992 |a RBX 
999 |c 2744621  |d 2746551